000 00289nam a2200097Ia 4500
082 _a297.57092 HASA
245 0 _aRed, white, and Muslim : my story of belief
100 _a HASAN, Asma Gull New York, NY, [c.2009]
_976487
942 _cBK
008 210817s9999 xx 000 0 und d
999 _c254778
_d254777